Vplyv manažérskych informačných systémov na vybrané ukazovatele ekonomickej analýzy dizertačná práca

Gespeichert in:
Bibliographische Detailangaben
1. Verfasser: Fečová, Lýdia
Körperschaft: Ekonomická univerzita v Bratislave. Podnikovohospodárska fakulta so sídlom v Košiciach
Weitere Verfasser: Čarnický, Štefan
Format: Buch
Sprache:Slowakisch
Veröffentlicht: Košice 2006
Schlagworte:
Tags: Tag hinzufügen
Keine Tags, Fügen Sie das erste Tag hinzu!

MARC

LEADER 00000nam$a2200000$$$4500
001 0052857
005 20240104134915.5
041 0 |a slo 
044 |a SK 
245 1 0 |a Vplyv manažérskych informačných systémov na vybrané ukazovatele ekonomickej analýzy  |b dizertačná práca  |c Lýdia Fečová ; škol. Štefan Čarnický 
264 1 |a Košice  |c 2006 
300 |a 120 s. 
610 2 0 |a systémy informačné 
610 2 0 |a systémy informačné riadiace 
610 2 0 |a analýza ekonomická 
100 1 |a Fečová, Lýdia 
700 1 |a Čarnický, Štefan 
710 2 |a Ekonomická univerzita v Bratislave. Podnikovohospodárska fakulta so sídlom v Košiciach